000 00634nam a2200241Ia 4500
001 47499
005 20240114003834.0
007 ta
008 090505s1378 g b000 u 346 u
020 _cHB
040 _aCotton College,Assam
041 _a346
082 _a891.443
_bG 155 D
100 _aGongopadhyay, Ramani Ranjan .
245 0 _aDheu Venge Padre /
_cRamani Ranjan Gongopadhyay.
_hTextual Documents
250 _a1st ed /
260 _aCalcutta :
_bModern India Publication ,
_c1378.
300 _a248 p ;
_c23 cm.
653 _aBengali
942 _2ddc
_cBK
999 _c47464
_d47464